000 00490cam a22001815a 4500
001 ##L134173
008 060714s1951 xxk 000 0 eng u
035 _a(Sirsi) u134173
041 0 _aeng
050 0 4 _a333.0062 $2 18
110 2 _aIncorporated Society of Auctioneers and Landed Property Agents
_94878
245 0 0 _aHandbook
260 _aLondon
_bISALPA
_c1951
300 _a32p.
_c22cm.
651 4 _aUnited Kingdom
_y
690 _aABOUT RICS-RELATED ORGANISATIONS
942 _n0
999 _c105583
_d105583